00352 2200157 4500001002100000005001500021035002000036245003700056100001300093300001200106260003000118082000800148084001400156990001200170990001200182INLIS00000000000194920250522110457 a0010-05250002411 aKimia Lingkungan /cDr. Rukaesih0 aRukaesih a171 hlm aYogyakarta :bAndi,c2004 a540 a540 RUK k a0713488 a0713489